Introduction to theories of learning (Record no. 1379167)

MARC details
000 -LEADER
fixed length control field 00598nam a2200205Ia 4500
005 - DATE AND TIME OF LATEST TRANSACTION
control field 20250508162854.0
008 - FIXED-LENGTH DATA ELEMENTS--GENERAL INFORMATION
fixed length control field 008 250505s9999 xx 000 0 eng d
037 ## - SOURCE OF ACQUISITION
Stock number Books to be hide in OPAC
040 ## - CATALOGING SOURCE
Original cataloging agency FEDL
Language of cataloging eng
Transcribing agency FEDL
041 ## - LANGUAGE CODE
Language code of text/sound track or separate title eng
Source of code eng
084 ## - COLON CLASSIFICATION NUMBER
Classification number 370.154 4, HER/O
Assigning agency FEDL
100 ## - MAIN ENTRY--PERSONAL NAME
Personal name Hergenhahn B R
9 (RLIN) 13781
245 #0 - TITLE STATEMENT
Title Introduction to theories of learning
250 ## - EDITION STATEMENT
Edition statement 4th
260 ## - PUBLICATION, DISTRIBUTION, ETC.
Place of publication, distribution, etc. Englewood Cliffs
Name of publisher, distributor, etc. Prentice-Hall
Date of publication, distribution, etc. 1993
300 ## - PHYSICAL DESCRIPTION
Extent x,500p.
700 ## - ADDED ENTRY--PERSONAL NAME
Personal name Olson Matthew H
9 (RLIN) 774251
942 ## - ADDED ENTRY ELEMENTS (KOHA)
Koha item type Books to be hide in OPAC
Classification part 370.154 4, HER/O
Holdings
Withdrawn status Lost status Damaged status Not for loan Home library Current library Date acquired Total Checkouts Full call number Barcode Date last seen Price effective from Koha item type
        Department of Education Library Department of Education Library 2025-05-08   370.154 4, HER/O EL0072081 2025-05-08 2025-05-08 Books to be hide in OPAC
Copyright @ Delhi University Library System